Регионална библиотека "Любен Каравелов" - Русе

[Мини] Мini debutants (Запис номер 16425)

MARC детайли
000 -Лидер
Контролно поле с фиксирана дължина 01130nam a2200313 c 4500
003 - Код на организацията, давaща контролен номер
Контролно поле BLK
005 - Дата и час на последна редакция
Контролно поле 20180420215150.0
008 - Елементи от данни с фиксирана дължина
fixed length control field 180413b bul|||||r ||||||| ||bul||
010 ## - Наследен системен номер
LC control number KNG00018303000
040 ## - Източник на каталожния запис
Идентификатор на билиотеката - собственик на записа BLK
041 ## - Код за език
Код за езика на текст/звукозапис или на отделно заглавие Френски
Код за езика КДБФ Френски
Други езици Български
080 ## - УДК
Текстов определител УДК Лексикология. Езикови речници и разговорници. Лексикография
УДК код - определител по УДК 81`374
УДК определител =40=867
УДК - код + определител 81`374=40=867
139 ## - Редно поле
Редна дума [Мини] Мini debutants
Авторски знак Mi - M 65
245 10 - Сведения за заглавието
Заглавие [Мини] Мini debutants
Подзаглавни данни Моят първи истински речник : Фр.-бълг. тълковен речник
257 ## - Страна на издаване
Страна на създаване/издаване България
-- Франция
260 ## - Област на издателските данни
-- София
Име на издателя, разпространителя и проч. ICON
Година на издаване 1997
300 ## - Физическа характеристика
Страници 480 с.
Илюстрации и др. с цв. ил., k.
Размери/Мащаб 23 см
380 ## - Жанр
Жанр Езикознание. Филология
500 ## - Общи забележки
Забележка 1 200 тир.
650 #4 - Допълнително описание по предмет – тема
Основно описание – тема или топоним Френски език - речници, френско-български, тълковни
9 (RLIN) 261129
653 ## - Ключова дума – ненормативна
Ключова дума френски език
653 ## - Ключова дума – ненормативна
Ключова дума български език
653 ## - Ключова дума – ненормативна
Ключова дума Овча купел
852 ## - Местоположение
Форматна сигнатура Цб 193862
856 4# - Електронен адрес и достъп
Електронен формат pdf - файл
Път до файла /url/
856 4# - Електронен адрес и достъп
Електронен формат pdf - файл
Път до файла /url/
942 ## - АРТИКУЛИ
Вид на библиотечния материал Книги
Скрит в OPAC Не
944 ## - СЪЗДАВАНЕ И РЕДАКЦИЯ на ЗАПИСА
Създаване/Редакция Създаване
Дата на регистрацията/редакция 15.01.2003
Служител, извършил регистрацията/редакцията AB_DOS
944 ## - СЪЗДАВАНЕ И РЕДАКЦИЯ на ЗАПИСА
Създаване/Редакция Редакция
Дата на регистрацията/редакция 15.01.2003
Служител, извършил регистрацията/редакцията
999 ## - СИСТЕМНИ КОНТРОЛНИ НОМЕРА
Koha biblionumber 16425
Koha biblioitemnumber 16425
Наличности
Код за отписване Код за изгубен артикул Източник на класификационната схема Код за повреда Коз за рестрикции Код за отдаване Артикулен № Име на библиотеката - собственик Име на библиотеката, в която се намира в момента Статус (Текущо местоположение) Дата на вписване в системата Местоположение - отдел Цена в лева Инвентарен номер Систематично азбучна сигнатура Баркод Номер на екземпляра Цена в евро Служебна бележка Служебен тип на артикула
  Не е изгубен Universal Decimal Classification Не е повреден без рестрикции ползва се в читалня 27698 Регионална библиотека "Любен Каравелов" Русе Регионална библиотека "Любен Каравелов" Русе Хранилище 2001-01-01 Хранилище 0.00 634924 Цб 193862 120000634924 1 0.00 Дост: Dp Вид: Д N: стар фонд Дата: 01.01.1997 Книги
  Не е изгубен Universal Decimal Classification Не е повреден без рестрикции ползва се в читалня 27699 Регионална библиотека "Любен Каравелов" Русе Регионална библиотека "Любен Каравелов" Русе Детски отдел - справочен фонд 2001-01-01 Детски отдел - справочен фонд 0.00 640315 СД 80/М 73 120000640315 2 0.00 Дост: Pk Вид: Ф N: стар фонд Дата: 01.01.1997 Дата инв: 20.11.2017 Бележки инв: СД2017 Книги
Изтеглен Не е изгубен   Не е повреден без рестрикции ползва се в читалня 27700 Регионална библиотека "Любен Каравелов" Русе Регионална библиотека "Любен Каравелов" Русе Читалня 4 - справочен фонд 2001-01-01 Читалня 4 - справочен фонд 0.00 640316 С4 801.3/М 73 640316 3 0.00 Дост: Pk Вид: Ф N: стар фонд Дата: 01.01.1997 Дата инв: 12.06.2017 Бележки инв: С42017 Книги
Vip Innovations Ltd, Rousse, Bulgaria 2025